logo

Bir Sreshtho Munshi Abdur Rouf Library
Jhenaidah Cadet College

বেহিসাবীর হিসাবশাস্ত্র / (Record no. 376)

MARC details
000 -LEADER
fixed length control field 00774nam a2200241 a 4500
001 - CONTROL NUMBER
JCCL Control Number 376
003 - CONTROL NUMBER IDENTIFIER
JCCL marc code BD-JhCC
005 - DATE AND TIME OF LATEST TRANSACTION
control field 20171004163232.0
008 - FIXED-LENGTH DATA ELEMENTS--GENERAL INFORMATION
fixed length control field 171004s2004 bg |||| |||| 000 0 ben d
020 ## - INTERNATIONAL STANDARD BOOK NUMBER
International Standard Book Number 9844653770
035 ## - SYSTEM CONTROL NUMBER
system control number (BD-JhCC)376
040 ## - CATALOGING SOURCE
Original cataloging agency BD-JhCC
Modifying agency BD-JhCC
041 ## - LANGUAGE CODE
Language code of Book ben
082 ## - DEWEY DECIMAL CLASSIFICATION NUMBER
Classification number 657.024658
Author mark and Year MOI 2004
100 ## - MAIN ENTRY--PERSONAL NAME
Personal name মঈনউদ্দীন, ফারুখ
245 ## - TITLE STATEMENT
Title বেহিসাবীর হিসাবশাস্ত্র /
Statement of responsibility, etc ফারুখ, মঈনউদ্দীন
260 ## - PUBLICATION, DISTRIBUTION, ETC. (IMPRINT)
Place of publication, distribution, etc ঢাকা :
Name of publisher, distributor, etc সাহিত্য প্রকাশ,
Date of publication, distribution, etc ২০০৪.
300 ## - PHYSICAL DESCRIPTION
Pagination ১২৬ পৃ. :
Dimensions ২১ সেমি.
504 ## - BIBLIOGRAPHY, ETC. NOTE
Bibliography, etc Includes bibliography.
650 ## - SUBJECT ADDED ENTRY--TOPICAL TERM
Topical term or geographic name as entry element Accounting
942 ## - ADDED ENTRY ELEMENTS (KOHA)
Source of classification or shelving scheme Dewey Decimal Classification
Koha item type Books
Holdings
Source of classification or shelving scheme Damaged status Not for loan Home library Current library Shelving location Date of accession Source of acquisition Cost, normal purchase price Total Checkouts Full call number Barcode Date last seen Copy number Koha item type
Dewey Decimal Classification     JCC Rouf Library JCC Rouf Library General Stacks 10/04/2010 Zhadee Foundation 100.00   657.024658 MOI 2004 1538 10/04/2017 C-1 Books

JCC Library | Contacts | JCC Home

Last Update on 23 September 2017
Copyright @ 2017-2020 JCC Rouf Library
Rouf Library, Jhenidah Cadet College (JCC), Bangladesh